| 000 | 00000nas##2200000za#4500 |
| 001 | 9.503716 |
| 003 | CaOODSP |
| 005 | 20231123085002 |
| 007 | cr ||||||||||| |
| 008 | 150406c1999||||xxc|| p o||||f| |0fre|d |
| 040 | |aCaOODSP|bfre |
| 043 | |an-cn--- |
| 086 | 1 |aFR2-4F-PDF |
| 110 | 1 |aCanada. |bAffaires étrangères et commerce international Canada. |
| 245 | 10|aPDME - rapport annuel |h[ressource électronique] |
| 246 | 13|aProgramme de développement des marchés d'exportation - rapport annuel |
| 260 | |aOttawa - Ontario : |bAffaires étrangères et Commerce international |
| 310 | |aAnnuel |
| 362 | 1 |a[1998/1999]-[2006/2007] |
| 500 | |aPublié par Commerce international Canada, 2004-2005. |
| 691 | 07|aDéveloppement des marchés|2gcpds |
| 691 | 07|aExportation|2gcpds |
| 691 | 07|aRapport annuel|2gcpds |
| 775 | 08|tPEMD annual report |w(CaOODSP)9.507327 |